[Event "Tackle an Elephant"]
[Site "SchemingMind.com"]
[Date "2015.07.20"]
[Round "-"]
[White "NovikovE"]
[Black "echecs"]
[Result "1-0"]
[WhiteCountry "RUS"]
[BlackCountry "ENG"]
[WhiteElo "2088"]
[WhiteRD "117"]
[BlackElo "1798"]
[BlackRD "94"]
[GameID "383496"]

1. d4 d6 2. e4 c6 3. Nf3 Bg4 4. h3 Bh5 5. Nc3 Nf6 6. Bd3 Nbd7 7. Be3 e5 8. g4 exd4 9. Nxd4 Bg6 10. g5 Ng8
11. f4 h6 12. f5 Bh7 13. h4 Qa5 14. Qd2 Ne5 15. Be2 O-O-O 16. O-O-O Kb8 17. Bf4 Ne7 18. Nb3
1-0

[Event "Tackle an Elephant"]
[Site "SchemingMind.com"]
[Date "2015.07.20"]
[Round "-"]
[White "capablanca"]
[Black "echecs"]
[Result "0-1"]
[WhiteCountry "GER"]
[BlackCountry "ENG"]
[WhiteElo "1738"]
[WhiteRD "75"]
[BlackElo "1855"]
[BlackRD "74"]
[GameID "383553"]

1. d4 d6 2. c4 c6 3. Nc3 Nf6 4. Nf3 e6 5. e4 Be7 6. Be3 O-O 7. Bd3 Nbd7 8. O-O a6 9. a3 b5 10. cxb5 axb5
11. b3 Rb8 12. a4 b4 13. Ne2 Ng4 14. Bd2 e5 15. h3 Ngf6 16. Qe1 Qb6 17. dxe5 dxe5 18. Be3 Qa5 19. Ng3 g6 20. Rc1 Ba6
21. Qe2 Bxd3 22. Qxd3 Rfc8 23. Rc4 Rc7 24. Rfc1 Rbc8 25. Ne1 Nb6 26. R4c2 Rd7 27. Qe2 Rdc7 28. Nd3 Nbd7 29. Nc5 h5 30. Nxd7 Nxd7
31. f3 Bh4 32. Bf2 Bg5 33. Be3 Be7 34. Qc4 Bh4 35. Ne2 Be7 36. Rd1 Nb8 37. Bc5 Qxc5+ 38. Qxc5 Bxc5+ 39. Rxc5 Nd7 40. Rc2 Kg7
41. Rd6 c5 42. Rcd2 Nf8 43. R2d5 f6 44. Nc1 Rc6 45. Nd3 Ne6 46. Rd7+ Kh6 47. h4 g5 48. hxg5+ Kxg5 49. Rf7 Nd4 50. Kh2 Nxb3
51. Rg7+ Kh6 52. Rdd7 Rh8 53. Rg3 Rh7 54. Rxh7+ Kxh7 55. Rh3 Kh6 56. g4 Rd6 57. Rxh5+ Kg6 58. Nf2 Nd2 59. Kg2 b3
0-1

[Event "Tackle an Elephant"]
[Site "SchemingMind.com"]
[Date "2015.07.21"]
[Round "-"]
[White "echecs"]
[Black "capablanca"]
[Result "1-0"]
[WhiteCountry "ENG"]
[BlackCountry "GER"]
[WhiteElo "1821"]
[WhiteRD "79"]
[BlackElo "1744"]
[BlackRD "73"]
[GameID "383554"]

1. e4 c5 2. c3 d6 3. d4 cxd4 4. cxd4 e5 5. d5 Nd7 6. Nc3 Ngf6 7. Nf3 g6 8. Bg5 Bg7 9. Nb5 Nc5 10. Nd2 O-O
11. Be2 a6 12. Nc3 b5 13. b4 Nb7 14. O-O Qb6 15. Be3 Qd8 16. a3 Bd7 17. Bg5 Qc7 18. Rc1 Rac8 19. f3 Qb6+ 20. Kh1 Rc7
21. Na2 Rfc8 22. Nb3 a5 23. Rxc7 Rxc7 24. bxa5 Nxa5 25. Nb4 Nc4 26. Bc1 Qa7 27. Nc2 Qa4 28. Nba1 Na5 29. Qd3 Nc4 30. Bd1 Qa7
31. h3 h5 32. Nb4 Be8 33. Nac2 Nd7 34. Be2 Nc5 35. Qd1 Nb3 36. Qd3 Nxc1 37. Rxc1 Nxa3 38. Ra1
1-0

[Event "Tackle an Elephant"]
[Site "SchemingMind.com"]
[Date "2015.07.18"]
[Round "-"]
[White "capablanca"]
[Black "tyler_ensor"]
[Result "1/2-1/2"]
[WhiteCountry "GER"]
[BlackCountry "CAN"]
[WhiteElo "1764"]
[WhiteRD "89"]
[BlackElo "1832"]
[BlackRD "83"]
[GameID "383555"]

1. d4 Nf6 2. c4 e6 3. Nc3 d5 4. Nf3 c5 5. cxd5 Nxd5 6. e4 Nxc3 7. bxc3 cxd4 8. cxd4 Bb4+ 9. Bd2 Bxd2+ 10. Qxd2 O-O
11. Be2 b6 12. O-O Bb7 13. Rfc1 Qd6 14. Bd3 Nc6 15. Bc4 Na5 16. Bd3 Rac8 17. Rxc8 Rxc8 18. Rc1 Rxc1+ 19. Qxc1 Qc6 20. Qf4 Qc8
21. Ne5 Qc7 22. Qd2 Nc6 23. Qc1 Qc8 24. Nxc6 Qxc6 25. Qxc6 Bxc6 26. f3 Kf8 27. Kf2 Ke7 28. Ke3 g5 29. g3 b5 30. a3 a5
31. f4 gxf4+ 32. Kxf4 b4 33. axb4 axb4 34. Bc2 Bb5 35. Bb3 f6 36. g4 Be8 37. g5 fxg5+ 38. Kxg5 Bg6 39. Kf4 Kd6 40. Ke3 h6
41. h4 Bf7 42. Kd3 Bg6 43. Bc2 Bf7 44. Kc4 e5+ 45. d5 Bg8 46. Kxb4 Bxd5 47. exd5= Kxd5 48. Kc3 e4 49. Kd2 Kd4 50. Ke2 Ke5
51. Ke3 Kf5 52. Bd1 Ke5=
1/2-1/2

[Event "Tackle an Elephant"]
[Site "SchemingMind.com"]
[Date "2015.07.18"]
[Round "-"]
[White "tyler_ensor"]
[Black "capablanca"]
[Result "0-1"]
[WhiteCountry "CAN"]
[BlackCountry "GER"]
[WhiteElo "1835"]
[WhiteRD "78"]
[BlackElo "1760"]
[BlackRD "85"]
[GameID "383556"]

1. d4 d5 2. c4 c6 3. Nf3 Nf6 4. e3 Bg4 5. h3 Bh5 6. cxd5 cxd5 7. Qb3 Bxf3 8. Qxb7 Nbd7 9. gxf3 e6 10. Nc3 Be7
11. Bd3 O-O 12. Qb3 Nb6 13. Bd2 Nfd7 14. Rc1 Rb8 15. Qc2 Nf6 16. Ne2 Rc8 17. Qb1 Rxc1+ 18. Qxc1 Qc8 19. O-O Rd8 20. Qxc8 Rxc8
21. Rc1 Rxc1+ 22. Nxc1 Nfd7 23. Bb5 Nf6 24. Nd3 Nfd7 25. Bb4 Bxb4 26. Nxb4 Nb8 27. Kf1 Kf8 28. Ke2 Ke7 29. Nd3 a6 30. Bxa6 Nxa6
31. Nc5 Nxc5 32. dxc5 Nc4 33. b4 Kd7 34. a4 Kc6 35. a5 Kb5 36. h4 Kxb4 37. c6 Kxa5 38. c7 Nd6 39. Kd3 Kb6 40. c8=Q Nxc8
41. Kd4 f6 42. f4 Nd6 43. f3 Nf5+
0-1

[Event "Tackle an Elephant"]
[Site "SchemingMind.com"]
[Date "2015.07.20"]
[Round "-"]
[White "capablanca"]
[Black "Phillip Beckett"]
[Result "1-0"]
[WhiteCountry "GER"]
[BlackCountry "ENG"]
[WhiteElo "1753"]
[WhiteRD "64"]
[BlackElo "1543"]
[BlackRD "50"]
[GameID "383557"]

1. d4 d5 2. c4 e6 3. Nc3 Nf6 4. Bg5 Be7 5. Nf3 h6 6. Bd2 O-O 7. e3 Ne4 8. cxd5 Nxc3 9. Bxc3 exd5 10. Bd3 c6
11. O-O Bg4 12. Bb1 Nd7 13. Qd3 Nf6 14. Ne5 Be6 15. a3 Bd6 16. Nf3 Qc7 17. Bb4 Bxb4 18. axb4 Ne4 19. b5 Bf5 20. Qe2 Nd6
21. bxc6 bxc6 22. Bxf5 Nxf5 23. Rfc1 Rfe8 24. Qa6 Rec8 25. Ne5 Qe7 26. Rxc6 Rxc6 27. Nxc6 Qg5 28. Qb7 Re8 29. Rxa7 Rf8 30. Ne5 Nh4
31. Qxd5 Qf5 32. Ra1 Qg5 33. b4 Rd8 34. Qxf7+ Kh7 35. Qb7 Re8 36. b5 Re7 37. Qe4+ g6 38. b6 Rxe5 39. Ra7+ Kg8 40. Qa8+
1-0

[Event "Tackle an Elephant"]
[Site "SchemingMind.com"]
[Date "2015.07.21"]
[Round "-"]
[White "Phillip Beckett"]
[Black "capablanca"]
[Result "0-1"]
[WhiteCountry "ENG"]
[BlackCountry "GER"]
[WhiteElo "1543"]
[WhiteRD "50"]
[BlackElo "1753"]
[BlackRD "64"]
[GameID "383558"]

1. e4 c5 2. Nf3 d6 3. d4 cxd4 4. Nxd4 g6 5. Nc3 Bg7 6. Be3 Nf6 7. f3 O-O 8. Qd2 a6 9. O-O-O b5 10. Kb1 Bb7
11. Bg5 Nc6 12. Bxf6 Bxf6 13. Nxc6 Bxc6 14. Nd5 Bxd5 15. Qxd5 Qb6 16. Bd3 Rfc8 17. c3 b4 18. cxb4 Qxb4 19. Qb3 Qxb3 20. axb3 a5
21. Bc4 a4 22. Rc1 a3 23. bxa3 Rxa3 24. Kc2 Ra2+ 25. Kd3 Rxg2 26. h4 Ra8 27. h5 Raa2 28. hxg6 hxg6 29. Ra1 Rxa1 30. Rxa1 Bxa1
0-1

[Event "Tackle an Elephant"]
[Site "SchemingMind.com"]
[Date "2015.07.18"]
[Round "-"]
[White "capablanca"]
[Black "Scooter"]
[Result "1-0"]
[WhiteCountry "GER"]
[BlackCountry "USA"]
[WhiteElo "1753"]
[WhiteRD "64"]
[BlackElo "1713"]
[BlackRD "49"]
[GameID "383559"]

1. d4 Nf6 2. c4 g6 3. Nc3 Bg7 4. e4 d6 5. Nf3 Bg4 6. Be2 O-O 7. O-O Nbd7 8. h3 Bxf3 9. Bxf3 c6 10. Be3 e5
11. d5 cxd5 12. cxd5 a6 13. Rc1 Rc8 14. b3 b5 15. Ne2 Rxc1 16. Qxc1 Qc8 17. Qxc8 Rxc8 18. Rc1 Rxc1+ 19. Nxc1 h5 20. Nd3 Kh7
21. Nb4 Nb8 22. Nc6 Nfd7 23. Ba7
1-0

[Event "Tackle an Elephant"]
[Site "SchemingMind.com"]
[Date "2015.07.19"]
[Round "-"]
[White "Scooter"]
[Black "capablanca"]
[Result "0-1"]
[WhiteCountry "USA"]
[BlackCountry "GER"]
[WhiteElo "1723"]
[WhiteRD "47"]
[BlackElo "1744"]
[BlackRD "73"]
[GameID "383560"]

1. d4 d5 2. Nf3 Nf6 3. Bf4 Nc6 4. e3 Bg4 5. Be2 e6 6. c3 Be7 7. O-O O-O 8. h3 Bxf3 9. Bxf3 Bd6 10. Bxd6 Qxd6
11. Nd2 Ne7 12. e4 dxe4 13. Nxe4 Nxe4 14. Bxe4 c6 15. Re1 Nd5 16. Bxd5 exd5 17. Qd2 Rfe8 18. Rxe8+ Rxe8 19. Re1 Qd8 20. Kf1 Kf8
21. Rxe8+ Qxe8= 22. Qe2 Qxe2+ 23. Kxe2 Ke7 24. f4 Ke6 25. g4 f5 26. Kf3 g6 27. gxf5+ Kxf5 28. Ke3 g5 29. fxg5 Kxg5 30. Kf3 Kf5
31. Ke3 Kg5 32. Kf3 Kf5 33. Ke3 Kg5 34. Kf3 Kh4 35. Kg2 Kg5 36. Kg3 h5 37. h4+ Kf5 38. Kf3 b6 39. a4 a6 40. b3 c5
41. dxc5 bxc5 42. b4 d4 43. cxd4 cxb4 44. Ke3 a5 45. Kd3 Ke6 46. Kc4 Kd6 47. d5 Ke5 48. Kc5 b3 49. d6 b2 50. d7 b1=Q
51. d8=Q Qb4+ 52. Kc6 Qxa4+ 53. Kb7 Qb4+ 54. Ka8 Qe4+ 55. Kb8 a4 56. Qe7+ Kd4 57. Qd6+ Qd5 58. Qb4+ Qc4 59. Qd2+ Kc5 60. Qe3+ Qd4
61. Qg5+ Qd5 62. Qe3+ Kb4 63. Qe1+ Kb5 64. Qe2+ Kb6 65. Qe3+ Qc5 66. Qb3+ axb3
0-1

[Event "Tackle an Elephant"]
[Site "SchemingMind.com"]
[Date "2015.07.18"]
[Round "-"]
[White "capablanca"]
[Black "ray winteringham"]
[Result "1-0"]
[WhiteCountry "GER"]
[BlackCountry "ENG"]
[WhiteElo "1753"]
[WhiteRD "64"]
[BlackElo "1499"]
[BlackRD "50"]
[GameID "383561"]

1. d4 d5 2. c4 dxc4 3. Nc3 e6 4. e4 Be7 5. Bxc4 Bd7 6. Nf3 c5 7. d5 Nf6 8. dxe6 Bxe6 9. Bxe6 fxe6 10. Qxd8+ Bxd8
11. O-O O-O 12. Ne5 Nbd7 13. Nxd7 Nxd7 14. Be3 b6 15. Rad1 Ne5 16. b3 a6 17. f4 Ng6 18. Rd6 e5 19. f5 Ne7 20. Rfd1 Rb8
21. Rd7 Rf7 22. Rxd8+
1-0

[Event "Tackle an Elephant"]
[Site "SchemingMind.com"]
[Date "2015.07.18"]
[Round "-"]
[White "ray winteringham"]
[Black "capablanca"]
[Result "0-1"]
[WhiteCountry "ENG"]
[BlackCountry "GER"]
[WhiteElo "1499"]
[WhiteRD "50"]
[BlackElo "1753"]
[BlackRD "64"]
[GameID "383562"]

1. e4 c5 2. Nc3 d6 3. Bc4 Nc6 4. Qf3 Ne5 5. Qe2 Nxc4 6. Qxc4 g6 7. f3 Bg7 8. Nge2 a6 9. d4 cxd4 10. Nxd4 Nf6
11. O-O O-O 12. Bf4 b5 13. Qe2 Bb7 14. Be3 Rc8 15. Rfc1 Nd7 16. Qf2 Ne5 17. Nce2 Nc4 18. b3 Nxe3 19. Qxe3 Qb6 20. c3 Rc7
21. Kf1 e5 22. Nc2 Qxe3 23. Nxe3 Rfc8 24. c4 bxc4 25. Nxc4 Bf8 26. h3 f6 27. Nc3 a5 28. Nxa5 Ba6+ 29. Kg1 Rxc3 30. Rxc3 Rxc3
31. Rd1 Kf7 32. Rd2 Ke6 33. Kf2 Bh6 34. Rb2 Bc1 35. Rb1 Rc2+ 36. Kg1 Be3+ 37. Kh2 Rxa2 38. b4 Bb5 39. Kh1 Bd2 40. Kh2 Bxb4
41. Rxb4 Rxa5 42. Rb2 d5 43. exd5+ Kxd5 44. Kg1 Bd7 45. Rd2+ Ke6
0-1

[Event "Tackle an Elephant"]
[Site "SchemingMind.com"]
[Date "2015.07.18"]
[Round "-"]
[White "capablanca"]
[Black "NovikovE"]
[Result "0-1"]
[WhiteCountry "GER"]
[BlackCountry "RUS"]
[WhiteElo "1725"]
[WhiteRD "69"]
[BlackElo "2088"]
[BlackRD "117"]
[GameID "383563"]

1. d4 d5 2. c4 e6 3. Nc3 Nf6 4. Nf3 Be7 5. cxd5 exd5 6. e3 O-O 7. Bd3 c5 8. dxc5 Nbd7 9. b4 a5 10. Qa4 axb4
11. Qxa8 Nxc5 12. Bf5 bxc3 13. Qxc8 Qa5 14. Qxf8+ Bxf8 15. O-O Nfe4 16. Nd4 g6 17. Bxe4 dxe4 18. a4 Bg7 19. Ba3 Bxd4 20. exd4 Nb3
21. Ra2 Qxa4 22. d5 c2 23. Rxc2 Qxa3 24. Rc3 Qb4 25. Re3 Nc5 26. Ree1 Nd3 27. Rb1 Qd4 28. Rxb7 e3 29. fxe3 Qxe3+ 30. Kh1 Nf2+
31. Kg1 Nh3+ 32. Kh1 Qg1+ 33. Rxg1 Nf2#
0-1

[Event "Tackle an Elephant"]
[Site "SchemingMind.com"]
[Date "2015.07.18"]
[Round "-"]
[White "capablanca"]
[Black "Stephen Woodhouse"]
[Result "0-1"]
[WhiteCountry "GER"]
[BlackCountry "ENG"]
[WhiteElo "1734"]
[WhiteRD "64"]
[BlackElo "1872"]
[BlackRD "48"]
[GameID "383594"]

1. d4 e6 2. e4 d5 3. exd5 exd5 4. c4 Nf6 5. Nc3 Be7 6. Bg5 c6 7. Nf3 Bg4 8. Be2 O-O 9. O-O Nbd7 10. h3 Bh5
11. c5 Ne4 12. Bxe7 Qxe7 13. Nd2 Nxc3 14. bxc3 Qxe2
0-1

[Event "Tackle an Elephant"]
[Site "SchemingMind.com"]
[Date "2015.07.18"]
[Round "-"]
[White "Stephen Woodhouse"]
[Black "capablanca"]
[Result "1-0"]
[WhiteCountry "ENG"]
[BlackCountry "GER"]
[WhiteElo "1872"]
[WhiteRD "48"]
[BlackElo "1734"]
[BlackRD "64"]
[GameID "383595"]

1. e4 c5 2. c3 d6 3. d4 cxd4 4. cxd4 Nf6 5. Nc3 g6 6. f4 Bg7 7. Nf3 O-O 8. Bd3 Nc6 9. Be3 Bg4 10. h3 Bd7
11. Rc1 a6 12. O-O Rc8 13. e5 dxe5 14. dxe5 Ne8 15. Nd5 Be6 16. Be4 Bxd5 17. Qxd5 e6 18. Qxd8 Rxd8 19. Bxc6 bxc6 20. Rxc6
1-0

[Event "Tackle an Elephant"]
[Site "SchemingMind.com"]
[Date "2015.07.20"]
[Round "-"]
[White "echecs"]
[Black "Stephen Woodhouse"]
[Result "1-0"]
[WhiteCountry "ENG"]
[BlackCountry "ENG"]
[WhiteElo "1798"]
[WhiteRD "94"]
[BlackElo "1881"]
[BlackRD "49"]
[GameID "383596"]

1. e4 e6 2. d4 d5 3. Nc3 Nf6 4. Bg5 dxe4 5. Nxe4 Be7 6. Bxf6 Bxf6 7. Nf3 O-O 8. c3 Nd7 9. Bd3 e5 10. Nxf6+ Qxf6
11. O-O exd4 12. Nxd4 Ne5 13. Bc2 Bd7 14. f4 Ng6 15. Qd3 c5 16. Nb3 Qc6 17. Qg3 Qc7 18. Rad1 Bb5 19. Rf2 Rad8 20. h4 Rxd1+
21. Bxd1 Rd8 22. Bc2 b6 23. h5 Nf8 24. h6 Ng6 25. hxg7 Kxg7 26. Qg5 f6 27. Qg4 Qe7 28. Kh2 Bd3 29. Bxd3 Rxd3 30. f5 Qe5+
31. g3 c4 32. Nd4 Qe3 33. Re2 Rxd4 34. cxd4
1-0

[Event "Tackle an Elephant"]
[Site "SchemingMind.com"]
[Date "2015.07.20"]
[Round "-"]
[White "Stephen Woodhouse"]
[Black "echecs"]
[Result "1-0"]
[WhiteCountry "ENG"]
[BlackCountry "ENG"]
[WhiteElo "1881"]
[WhiteRD "49"]
[BlackElo "1798"]
[BlackRD "94"]
[GameID "383597"]

1. e4 e5 2. Nf3 Nc6 3. d4 exd4 4. Nxd4 Nf6 5. Nc3 Bb4 6. Nxc6 bxc6 7. Bd3 d5 8. exd5 cxd5 9. O-O O-O 10. Bg5 c6
11. Qf3 Be7 12. h3 h6 13. Bf4 Bb7 14. Rfe1 Bb4 15. Be5 d4 16. Ne4 Nxe4 17. Qxe4 f5 18. Qf4 Bxe1 19. Rxe1 Qg5 20. Qxg5 hxg5
21. Bxd4 a5 22. Re7 Ba6 23. Rxg7+ Kh8 24. Ra7+ Kg8 25. Rxa6 Rxa6 26. Bxa6 Rd8 27. Bc4+ Kh7 28. Bf6 Rd1+ 29. Kh2 Kg6 30. Bc3 a4
31. Bd3
1-0

[Event "Tackle an Elephant"]
[Site "SchemingMind.com"]
[Date "2015.07.18"]
[Round "-"]
[White "tyler_ensor"]
[Black "Stephen Woodhouse"]
[Result "0-1"]
[WhiteCountry "CAN"]
[BlackCountry "ENG"]
[WhiteElo "1809"]
[WhiteRD "86"]
[BlackElo "1824"]
[BlackRD "49"]
[GameID "383598"]

1. d4 e6 2. c4 d5 3. Nc3 c5 4. cxd5 exd5 5. Nf3 Nc6 6. g3 Nf6 7. Bg2 Be7 8. O-O O-O 9. dxc5 Bxc5 10. Bg5 d4
11. Bxf6 Qxf6 12. Nd5 Qf5 13. Nf4 Bb6 14. Rc1 Qb5 15. Nd3 Be6 16. a3 Rac8 17. b4 Ne7 18. Nf4 Rxc1 19. Qxc1 Rc8 20. Qd2 Qc4
21. Nxe6 fxe6 22. Rd1 Rd8 23. Ne5 Qc7 24. f4 Nf5 25. Rc1 Qe7 26. Nc4 Bc7 27. Bxb7 Bxf4 28. Qxf4 Qxb7 29. Qe5 Qd5 30. Qc7 Qd7
31. Qxd7 Rxd7 32. Ne5 Re7 33. g4 Nd6 34. a4 Nf7 35. Nc6 Rc7 36. b5 Kf8 37. Rd1 e5 38. Rd3 Ke8 39. e3 Rd7 40. exd4 exd4
41. Rxd4 Rxd4 42. Nxd4 Kd7 43. Nc6 Nd8 44. Nxd8 Kxd8 45. a5 Kd7 46. Kf2 Kd6 47. Ke3 Kc5 48. b6 axb6 49. a6 Kc6 50. Kd4 b5
51. g5 Kb6 52. a7 Kxa7 53. Kc5 Ka6 54. Kb4 Kb6 55. h3 g6 56. h4 Kc6 57. Kb3 Kc5 58. Kc3 Kd5 59. Kb4 Ke4 60. Kxb5 Kf4
0-1

[Event "Tackle an Elephant"]
[Site "SchemingMind.com"]
[Date "2015.07.18"]
[Round "-"]
[White "Stephen Woodhouse"]
[Black "tyler_ensor"]
[Result "1-0"]
[WhiteCountry "ENG"]
[BlackCountry "CAN"]
[WhiteElo "1935"]
[WhiteRD "50"]
[BlackElo "1825"]
[BlackRD "76"]
[GameID "383599"]

1. e4 c5 2. c3 d5 3. exd5 Qxd5 4. d4 Nf6 5. Nf3 Bg4 6. Be2 e6 7. h3 Bh5 8. O-O Nc6 9. Be3 cxd4 10. cxd4 Be7
11. Nc3 Qd6 12. Qb3 O-O 13. Rfd1 Rfd8 14. Rac1 Qb4 15. Qxb4 Nxb4 16. g4 Bg6 17. Ne5 Nfd5 18. a3 Nxc3 19. Rxc3 Nd5 20. Rc4 Nb6
21. Nxg6 hxg6 22. Rc7 Rd7 23. Rdc1 Rad8 24. Bb5 Rxc7 25. Rxc7 Nd5 26. Rxb7 Rc8 27. Rxa7 Rc2 28. b4 Bh4 29. Be8
1-0

[Event "Tackle an Elephant"]
[Site "SchemingMind.com"]
[Date "2015.07.20"]
[Round "-"]
[White "Phillip Beckett"]
[Black "Stephen Woodhouse"]
[Result "0-1"]
[WhiteCountry "ENG"]
[BlackCountry "ENG"]
[WhiteElo "1589"]
[WhiteRD "49"]
[BlackElo "1872"]
[BlackRD "48"]
[GameID "383600"]

1. e4 e6 2. d4 d5 3. Nd2 c5 4. exd5 Qxd5 5. dxc5 Bxc5 6. Ngf3 Nf6 7. Bc4 Qd6 8. O-O O-O 9. Nb3 Qxd1 10. Rxd1 Bb6
11. Be3 Bxe3 12. fxe3 Nc6 13. Nfd4 Bd7 14. Nxc6 Bxc6 15. Nd4 Bd5 16. Bxd5 Nxd5 17. c4 Nxe3 18. Re1 Rfd8 19. Rxe3 Rxd4 20. b3 Rd2
21. Kf1 Rad8 22. Re2 Kf8 23. Rae1 Ke7 24. Kf2 e5 25. Rxd2 Rxd2+ 26. Re2 Rxe2+ 27. Kxe2 Ke6 28. Ke3 f5 29. g3 g5 30. h4 h6
31. hxg5 hxg5 32. b4 Kd6 33. c5+ Kd5 34. a4 Kc4
0-1

[Event "Tackle an Elephant"]
[Site "SchemingMind.com"]
[Date "2015.07.20"]
[Round "-"]
[White "Stephen Woodhouse"]
[Black "Phillip Beckett"]
[Result "1-0"]
[WhiteCountry "ENG"]
[BlackCountry "ENG"]
[WhiteElo "1872"]
[WhiteRD "48"]
[BlackElo "1589"]
[BlackRD "49"]
[GameID "383601"]

1. e4 e5 2. Nf3 Nf6 3. d4 exd4 4. e5 Ne4 5. Qe2 Nc5 6. Nxd4 Be7 7. Nc3 O-O 8. Be3 d6 9. exd6 Bxd6 10. O-O-O Qf6
11. Ndb5 a6 12. Nxd6 cxd6 13. Bf4 Nc6 14. Bxd6 Ne6 15. Bxf8 Kxf8 16. Nd5 Qg5+ 17. Qd2 Qxd2+ 18. Rxd2 Bd7 19. Nb6 Rd8 20. Rxd7 Rxd7
21. Nxd7+
1-0

[Event "Tackle an Elephant"]
[Site "SchemingMind.com"]
[Date "2015.07.18"]
[Round "-"]
[White "Scooter"]
[Black "Stephen Woodhouse"]
[Result "1/2-1/2"]
[WhiteCountry "USA"]
[BlackCountry "ENG"]
[WhiteElo "1712"]
[WhiteRD "45"]
[BlackElo "1872"]
[BlackRD "48"]
[GameID "383602"]

1. d4 e6 2. Nf3 d5 3. Bf4 Bd6 4. Bxd6 Qxd6 5. c3 Nf6 6. e3 c5 7. Bb5+ Bd7 8. Bxd7+ Nbxd7 9. O-O O-O 10. Nbd2 e5
11. dxe5 Nxe5 12. Nxe5 Qxe5 13. Nf3 Qe7 14. Qc2 Rfd8 15. Rfd1 Qe4 16. Qxe4 dxe4 17. Ne5 Kf8 18. Nc4 b6 19. b3 Nd5 20. Rdc1 f5
21. Nb2 Ke7 22. c4 Nb4 23. a3 Nd3 24. Nxd3 Rxd3 25. Rab1 Rad8 26. Kf1 Rd2 27. Ke1 Ra2 28. Ra1 Rdd2 29. Rxa2 Rxa2 30. a4 Rb2
31. Rc3 Ke6 32. h4 g6 33. g3 Ke5 34. Kf1 h6 35. Kg1 g5 36. hxg5 hxg5 37. Kf1 f4 38. gxf4+ gxf4 39. exf4+ Kxf4 40. Rh3 Ke5
41. Re3= Kd4 42. Ke1 Rc2 43. Rg3 Rc3 44. Kd2 Rf3 45. Rxf3=
1/2-1/2

[Event "Tackle an Elephant"]
[Site "SchemingMind.com"]
[Date "2015.07.18"]
[Round "-"]
[White "Stephen Woodhouse"]
[Black "Scooter"]
[Result "1-0"]
[WhiteCountry "ENG"]
[BlackCountry "USA"]
[WhiteElo "1872"]
[WhiteRD "48"]
[BlackElo "1712"]
[BlackRD "45"]
[GameID "383603"]

1. e4 c6 2. d4 d5 3. exd5 cxd5 4. c4 Nf6 5. Nc3 e6 6. Nf3 Be7 7. cxd5 Nxd5 8. Bc4 O-O 9. O-O Nxc3 10. bxc3 a6
11. Qe2 h6 12. Bd2 b5 13. Bd3 Bb7 14. Ne5 Nd7 15. f4 Rc8 16. Rae1 Nb6 17. Qg4 Bf6 18. f5 Bxe5 19. Rxe5 Nd7 20. Re3 Nf6
21. Qh3 exf5 22. Rg3
1-0

[Event "Tackle an Elephant"]
[Site "SchemingMind.com"]
[Date "2015.07.18"]
[Round "-"]
[White "ray winteringham"]
[Black "Stephen Woodhouse"]
[Result "0-1"]
[WhiteCountry "ENG"]
[BlackCountry "ENG"]
[WhiteElo "1497"]
[WhiteRD "49"]
[BlackElo "1872"]
[BlackRD "48"]
[GameID "383604"]

1. e4 e6 2. d4 d5 3. Nc3 Nf6 4. e5 Nfd7 5. Nf3 c5 6. Be2 Nc6 7. Bg5 Qb6 8. b3 Nxd4 9. O-O Nxf3+ 10. Bxf3 Nxe5
11. Bf4 Ng6 12. Bg3 Bd6 13. Bxd6 Qxd6 14. g3 Bd7 15. Ne4 Qc7 16. Nd2 Bc6 17. c4 d4 18. Ne4 Bxe4 19. Bxe4 O-O 20. Qf3 Rab8
21. Rab1 f5 22. Bd3 Rbc8 23. Rfe1 Ne5 24. Qd1 Nxd3 25. Qxd3 Rce8 26. Re2 e5 27. f3 Qe7 28. Rbe1 Qf6 29. f4 e4 30. Qd1 Kh8
31. Kg2 g5 32. Qc1 d3 33. Re3 gxf4 34. gxf4 Rg8+ 35. Kh1 Rg4 36. Rg3 Rxg3 37. hxg3 Qd4 38. Kg2 d2
0-1

[Event "Tackle an Elephant"]
[Site "SchemingMind.com"]
[Date "2015.07.18"]
[Round "-"]
[White "Stephen Woodhouse"]
[Black "ray winteringham"]
[Result "1-0"]
[WhiteCountry "ENG"]
[BlackCountry "ENG"]
[WhiteElo "1872"]
[WhiteRD "48"]
[BlackElo "1497"]
[BlackRD "49"]
[GameID "383605"]

1. e4 e5 2. Nf3 d6 3. d4 exd4 4. Nxd4 Nc6 5. Bb5 Bd7 6. Nc3 Nf6 7. O-O a6 8. Nxc6 Bxc6 9. Bxc6+ bxc6 10. Qf3 c5
11. e5 Nd7 12. exd6 cxd6 13. Re1+ Be7 14. Bf4 O-O 15. Rad1 Nb6 16. Nd5 Nc4 17. Nxe7+ Kh8 18. b3 Nb6 19. Bxd6
1-0

[Event "Tackle an Elephant"]
[Site "SchemingMind.com"]
[Date "2015.07.18"]
[Round "-"]
[White "NovikovE"]
[Black "Stephen Woodhouse"]
[Result "1-0"]
[WhiteCountry "RUS"]
[BlackCountry "ENG"]
[WhiteElo "2047"]
[WhiteRD "125"]
[BlackElo "1854"]
[BlackRD "48"]
[GameID "383606"]

1. e4 e6 2. Nf3 d5 3. exd5 exd5 4. d4 Bd6 5. c4 c6 6. c5 Bc7 7. Bd3 Qe7+ 8. Be3 Bf4 9. Qc1 Bxe3 10. Qxe3 Qxe3+
11. fxe3 Nf6 12. Nc3 O-O 13. Kd2 Bg4 14. b4 a6 15. a4 Nbd7 16. b5 Rfe8 17. h3 Bh5 18. bxc6 bxc6 19. Rhb1 Bg6 20. Bxg6 hxg6
21. Rb7 Reb8 22. Rab1 Rxb7 23. Rxb7 Rb8 24. Rc7 Rb2+ 25. Kd3 Rxg2 26. Rxc6 Rg3 27. Rxa6 Ne8 28. Ra8 Nf6 29. c6 Kh7 30. Ke2 Rxh3
31. Ng5+
1-0

[Event "Tackle an Elephant"]
[Site "SchemingMind.com"]
[Date "2015.07.18"]
[Round "-"]
[White "Stephen Woodhouse"]
[Black "NovikovE"]
[Result "0-1"]
[WhiteCountry "ENG"]
[BlackCountry "RUS"]
[WhiteElo "1854"]
[WhiteRD "48"]
[BlackElo "2047"]
[BlackRD "125"]
[GameID "383607"]

1. e4 c5 2. c3 Nf6 3. e5 Nd5 4. d4 cxd4 5. Nf3 Nc6 6. cxd4 d6 7. Bc4 dxe5 8. Nxe5 e6 9. Nxc6 bxc6 10. O-O Bd6
11. Qg4 O-O 12. Nc3 Re8 13. Bd3 e5 14. Qd1 Nb4 15. dxe5 Bxe5 16. Bb1 Ba6 17. a3 Bxf1 18. Qxf1 Nd5 19. Nxd5 Qxd5 20. Ba2 Qe4
21. Rb1 Rab8 22. b4 Qc2 23. Bb3 Qxb1
0-1

[Event "Tackle an Elephant"]
[Site "SchemingMind.com"]
[Date "2015.07.19"]
[Round "-"]
[White "capablanca"]
[Black "Yos"]
[Result "0-1"]
[WhiteCountry "GER"]
[BlackCountry "INA"]
[WhiteElo "1753"]
[WhiteRD "64"]
[BlackElo "2106"]
[BlackRD "70"]
[GameID "383618"]

1. d4 c5 2. dxc5 e6 3. e4 Bxc5 4. Nf3 Nf6 5. Bg5 Qb6 6. Bc1 Nxe4 7. Be3 Bxe3 8. fxe3 Qxe3+ 9. Qe2 Qc1+ 10. Qd1 Qxd1+
0-1

[Event "Tackle an Elephant"]
[Site "SchemingMind.com"]
[Date "2015.07.19"]
[Round "-"]
[White "Yos"]
[Black "capablanca"]
[Result "1-0"]
[WhiteCountry "INA"]
[BlackCountry "GER"]
[WhiteElo "2106"]
[WhiteRD "70"]
[BlackElo "1753"]
[BlackRD "64"]
[GameID "383619"]

1. c4 Nf6 2. Nc3 g6 3. g3 Bg7 4. Bg2 O-O 5. e4 d6 6. Nge2 e6 7. d4 Nc6 8. O-O Bd7 9. Bg5 Ne7 10. Qb3 Rb8
11. e5 dxe5 12. dxe5 Ne8 13. Qa3
1-0

[Event "Tackle an Elephant"]
[Site "SchemingMind.com"]
[Date "2015.07.20"]
[Round "-"]
[White "echecs"]
[Black "Yos"]
[Result "0-1"]
[WhiteCountry "ENG"]
[BlackCountry "INA"]
[WhiteElo "1821"]
[WhiteRD "79"]
[BlackElo "2221"]
[BlackRD "69"]
[GameID "383620"]

1. e4 c5 2. c3 Nc6 3. d4 d5 4. exd5 Qxd5 5. Nf3 Bg4 6. Be2 cxd4 7. cxd4 Nf6 8. Nc3 Qa5 9. O-O e6 10. a3 Be7
11. Be3 O-O 12. h3 Bh5 13. Qc2 Rfd8 14. Rfd1 Nd5 15. Nxd5 Qxd5 16. Rd2 Bg6 17. Qd1 Be4 18. Rc1 h6 19. Rc3 b5 20. Bd3 Bxd3
21. Rcxd3 Bd6 22. Ne5 Ne7 23. Qh5 Bxe5 24. dxe5 Qxd3 25. Rxd3 Rxd3 26. Qe2 Rd5 27. Qg4 Nf5 28. Bf4 Rc8 29. Kh2 Rc2 30. Qf3 Rxb2
31. g4 Nd4 32. Qe3 g5 33. Bg3 a5 34. h4 Rb3 35. Qc1 Kg7 36. hxg5 Nf3+ 37. Kg2 hxg5 38. a4 b4 39. Qc2 Ne1+
0-1